| 000 | 00925nas a2200289 4500 | ||
|---|---|---|---|
| 001 | BR2016003094 | ||
| 003 | BR-BrBNA | ||
| 005 | 20231205130524.0 | ||
| 007 | ta | ||
| 008 | 230509b bl.|||p| |||| 00| 00por d | ||
| 040 |
_aBR-BrBNA _bpor _cBiblioteca Nacional de Agricultura |
||
| 041 | _a(Pt) | ||
| 072 | _aQ03; E72 | ||
| 100 | 1 | _aSantos, S.S. dos | |
| 100 | 1 | _aEvangelista-Barreto, N.S. | |
| 100 | 1 | _aSilva, R.A.R. | |
| 245 | 1 | _aDelineamento do perfil dos consumidores e classificação dos estabelecimentos que comercializam ostras em Valença, Bahia, Brasil | |
| 650 | _aOSTRA | ||
| 650 | _aCOMERCIALIZACAO | ||
| 650 | _aCONSUMIDOR | ||
| 650 | _aSEGURANCA ALIMENTAR | ||
| 650 | _aEMPRESA COMERCIAL | ||
| 650 | _aBAHIA | ||
| 773 | 0 |
_tArquivos de Ciências do Mar (Brazil) _xISSN 0374-5686 _g(Jan 2015), v. 47(2) p. 72-79 _wBR2016003094 |
|
| 909 |
_a202311 _bLúcia _c55 _dLúcia Elande |
||
| 942 |
_2AGRIS _n0 _cANA |
||
| 999 |
_c249924 _d249924 |
||